000
00301nam a22001337a 4500
008
171003b xxu||||| |||| 00| 0 eng d
020
_a
9780470899434
041
_a
eng
080
_2
8 ED
_a
159.9
100
_a
48
101
_a
PSI
245
_a
PSYCHOLOGY IN ACTION
_c
HUFFMAN.K
942
_2
udc
_c
BK
999
_c
31330
_d
31330